Teaching of physical sciences (Record no. 207183)

MARC details
000 -LEADER
fixed length control field 00350nam a2200145Ia 4500
008 - FIXED-LENGTH DATA ELEMENTS--GENERAL INFORMATION
fixed length control field 231221s9999 xx 000 0 und d
041 ## - LANGUAGE CODE
Language code of text/sound track or separate title English
082 ## - DEWEY DECIMAL CLASSIFICATION NUMBER
Classification number 372.35 KUL;1 R
100 ## - MAIN ENTRY--PERSONAL NAME
Personal name Kulshrestha, S P
245 #0 - TITLE STATEMENT
Title Teaching of physical sciences
260 ## - PUBLICATION, DISTRIBUTION, ETC.
Date of publication, distribution, etc. 2008
Name of publisher, distributor, etc. Law Publ.
Place of publication, distribution, etc. Meerut
300 ## - PHYSICAL DESCRIPTION
Extent 380
650 ## - SUBJECT ADDED ENTRY--TOPICAL TERM
Topical term or geographic name entry element physical
942 ## - ADDED ENTRY ELEMENTS (KOHA)
Koha item type Education Library
Holdings
Date last seen Total checkouts Full call number Accession number Cost, total (INR) price Price effective from Category Lost status Damaged status Department Withdrawn status Home library Current library Shelving location Entry date Vendor Cost, normal purchase price Grants Billnumber Billdate Currency symbol Conversion rate Discount Old discount
26/01/2024   372.35 KUL;1 R ED2363 59.50 26/01/2024 Education Library     Central Library   Central Library Central Library     Sapna Book House 70.00 EDU 45868 22/06/2010 RS 1 10.5 15

© For any Suggestions or Query, please contact the library staff @ librarian@pes.edu or Phone: +9180 2672 1983/ 2108.